[Event "Sucre op 7th"]
[Site "Sucre"]
[Date "2023.12.08"]
[Round "3"]
[White "Alvarez, Marco Antonio"]
[Black "Martinez, Ariel A"]
[Result "0-1"]
[WhiteElo "1856"]
[BlackElo "2144"]
[PlyCount "88"]
[EventDate "2023.12.07"]
[EventType "swiss"]
[EventRounds "7"]
[EventCountry "BOL"]
[SourceTitle "CB51_2023"]
[SourceDate "2023.12.20"]
[SourceVersion "1"]
[SourceVersionDate "2023.12.20"]
[SourceQuality "1"]

1. e4 c5 2. Nc3 Nc6 3. g3 Nf6 4. Bg2 d6 5. f4 e5 6. f5 Nd4 7. d3 b5 8. Nf3 b4 9. Ne2 Be7 10. 0-0 0-0 11. h3 h6 12. g4 Rb8 13. Ng3 Nxf3+ 14. Qxf3 Nh7 15. Nh5 Bg5 16. Be3 g6 17. Ng3 Bd7 18. Bxg5 Qxg5 19. Rae1 Rb6 20. Rf2 Ra6 21. Ra1 Kg7 22. Nf1 h5 23. Ne3 hxg4 24. hxg4 Bc6 25. Qg3 Nf6 26. Qf3 Bb5 27. Qe2 Rh8 28. Qf3 b3 29. fxg6 fxg6 30. c4 Bc6 31. a3 Qh4 32. Bf1 Rb6 33. Be2 Rbb8 34. Raf1 Rbf8 35. Qg2 Nh7 36. Rxf8 Nxf8 37. Bf3 Ne6 38. Qf2 Qh3 39. Qg2 Qh6 40. g5 Nxg5 41. Bg4 Nxe4 42. Nd5 Bxd5 43. dxe4 Bxe4 44. Bf3 Qe3+ 0-1

[Event "Cochabamba Hurtado Memorial"]
[Site "Cochabamba"]
[Date "2023.08.04"]
[Round "1"]
[White "Cuellar Cruz, Nicolas"]
[Black "Alvarez, Marco Antonio"]
[Result "1/2-1/2"]
[WhiteElo "1245"]
[BlackElo "1881"]
[PlyCount "117"]
[EventDate "2023.08.04"]
[EventType "swiss"]
[EventRounds "7"]
[EventCountry "BOL"]
[SourceTitle "CBM 215 Extra"]
[Source "ChessBase"]
[SourceDate "2023.09.30"]
[SourceVersion "1"]
[SourceVersionDate "2023.09.30"]
[SourceQuality "1"]

1. e4 e6 2. d4 d5 3. Nd2 c5 4. c3 Nc6 5. Ngf3 Qb6 6. Qb3 Qxb3 7. axb3 cxd4 8. cxd4 Bb4 9. Bd3 Nge7 10. 0-0 0-0 11. Rd1 Rd8 12. Nf1 b6 13. Bf4 Bb7 14. Ne3 Na5 15. e5 Ng6 16. Bg5 Be7 17. Bxg6 Bxg5 18. Bxf7+ Kxf7 19. Nxg5+ Ke7 20. b4 Nc6 21. b5 Na5 22. Rac1 h6 23. Rc7+ Rd7 24. Rxd7+ Kxd7 25. Nf7 Bc8 26. f4 Ke7 27. Nd6 Nb7 28. Nxb7 Bxb7 29. Rc1 Rc8 30. Rxc8 Bxc8 31. f5 Bd7 32. Kf2 Bxb5 33. Kf3 Bd3 34. Kf4 a5 35. g4 b5 36. Nd1 b4 37. Ke3 Bb1 38. fxe6 a4 39. Kd2 Kxe6 40. h3 Be4 41. Ne3 g6 42. h4 Kd7 43. g5 hxg5 44. hxg5 Kc6 45. Kc1 Kb6 46. Kd2 Kb5 47. Kc1 a3 48. bxa3 bxa3 49. e6 Kc6 50. e7 Kd7 51. e8Q+ Kxe8 52. Nc2 Bxc2 53. Kxc2 Ke7 54. Kb3 Ke6 55. Kxa3 Kf5 56. Kb4 Kxg5 57. Kc5 Kf5 58. Kxd5 g5 59. Kc6 1/2-1/2

[Event "Cochabamba op 1st"]
[Site "Cochabamba"]
[Date "2015.01.31"]
[Round "6"]
[White "Alvarez, Marco Antonio"]
[Black "Lopez, Mario Iver"]
[Result "0-1"]
[WhiteElo "2036"]
[BlackElo "2208"]
[PlyCount "64"]
[EventDate "2015.01.29"]
[EventType "swiss"]
[EventRounds "7"]
[EventCountry "BOL"]
[SourceTitle "CBM 164 Extra"]
[Source "ChessBase"]
[SourceDate "2015.03.02"]
[SourceVersion "1"]
[SourceVersionDate "2015.03.02"]
[SourceQuality "1"]

1. e4 c5 2. Nc3 Nc6 3. g3 g6 4. Bg2 Bg7 5. d3 d6 6. Be3 Nf6 7. Nge2 0-0 8. 0-0 Ng4 9. Bd2 f5 10. h3 Nf6 11. Be3 e5 12. f4 Nd4 13. Bf2 Rb8 14. a4 a6 15. a5 Bd7 16. Qd2 Bc6 17. Rfe1 Qd7 18. Rab1 Rbe8 19. Nd5 Bxd5 20. exd5 Nxe2+ 21. Rxe2 exf4 22. Rxe8 Rxe8 23. Qxf4 Nh5 24. Qc4 Be5 25. Qh4 Bf6 26. Qc4 Bd4 27. Bf3 Nxg3 28. Bxd4 cxd4 29. Kf2 f4 30. Bg4 Nf5 31. Rh1 Qe7 32. Qb4 Qh4+ 0-1

[Event "Cochabamba op 1st"]
[Site "Cochabamba"]
[Date "2015.01.29"]
[Round "2"]
[White "Avila, Carlos Alejandro"]
[Black "Alvarez, Marco Antonio"]
[Result "1-0"]
[WhiteElo "1911"]
[BlackElo "2036"]
[PlyCount "95"]
[EventDate "2015.01.29"]
[EventType "swiss"]
[EventRounds "7"]
[EventCountry "BOL"]
[SourceTitle "CBM 164 Extra"]
[Source "ChessBase"]
[SourceDate "2015.03.02"]
[SourceVersion "1"]
[SourceVersionDate "2015.03.02"]
[SourceQuality "1"]

1. e4 e6 2. d4 d5 3. Nd2 Nf6 4. e5 Nfd7 5. c3 c5 6. f4 cxd4 7. cxd4 Nc6 8. Ndf3 Bb4+ 9. Bd2 Qb6 10. a3 Bxd2+ 11. Qxd2 Na5 12. Rd1 Nb3 13. Qc3 Qa5 14. Qxa5 Nxa5 15. b4 Nc6 16. Bb5 Ne7 17. Rc1 a6 18. Bd3 Nb6 19. Ne2 Bd7 20. Kd2 Bc6 21. g4 Nc4+ 22. Bxc4 dxc4 23. Rhf1 b5 24. Nc3 0-0-0 25. Ke3 Rd7 26. Ng5 Nd5+ 27. Nxd5 Bxd5 28. f5 exf5 29. gxf5 Kc7 30. Rg1 g6 31. fxg6 hxg6 32. h3 Kc6 33. Rcf1 Kb7 34. Rg3 Rh4 35. Rg4 Rxg4 36. hxg4 Rc7 37. Ne4 Ka7 38. Nf6 Bb7 39. d5 Rc8 40. Kd4 Rd8 41. d6 Bc8 42. Ne4 Rf8 43. Nc5 Bxg4 44. e6 f6 45. d7 Rh8 46. Rxf6 Rh1 47. Rf8 Rd1+ 48. Ke5 1-0